000 00607nam a2200145Ia 4500
008 220216s9999 xx 000 0 und d
100 _aSaraswathyamma C.K.
245 0 _aAdvances in crop improvement in Hevea in the traditional rubber growing tract of India
260 _bIn: Global competitiveness of Indian rubber plantation industry: Rubber Planters' Conference, India 2002. (Ed. C. Kuruvilla Jacob). Rubber Research Institute of India, Kottayam, India, pp. 101-116.
_c2003
650 _aBreeding
650 _aClone evaluation
650 _aG x E interaction
650 _aHybrid clone
942 _cBS
999 _c52884
_d52884